भारतीय नारी (Record no. 1011233)

MARC details
000 -LEADER
fixed length control field 00800nam a2200217Ia 4500
003 - CONTROL NUMBER IDENTIFIER
control field OSt
005 - DATE AND TIME OF LATEST TRANSACTION
control field 20250912125842.0
008 - FIXED-LENGTH DATA ELEMENTS--GENERAL INFORMATION
fixed length control field 221004b |||||||| |||| 00| 0 hin d
020 ## - INTERNATIONAL STANDARD BOOK NUMBER
International Standard Book Number 9788189486297 (hbk)
037 ## - SOURCE OF ACQUISITION
Terms of availability Textual
040 ## - CATALOGING SOURCE
Original cataloging agency CRL
Transcribing agency CRL
Language of cataloging hin
041 ## - LANGUAGE CODE
Source of code hin
Language code of text/sound track or separate title hin
084 ## - COLON CLASSIFICATION NUMBER
Classification number Delta2y7M63:g(Y15)
Assigning agency CRL
100 ## - MAIN ENTRY--PERSONAL NAME
Personal name स्वामी विवेकानन्द
9 (RLIN) 821259
245 #0 - TITLE STATEMENT
Title भारतीय नारी
246 ## - VARYING FORM OF TITLE
Title proper/short title Bhāratīya nārī
260 ## - PUBLICATION, DISTRIBUTION, ETC.
Place of publication, distribution, etc. दिल्ली
Name of publisher, distributor, etc. कादम्बरी प्रकाशन भारत
Date of publication, distribution, etc. 2010
300 ## - PHYSICAL DESCRIPTION
Extent 80पृ0
Dimensions cm.
942 ## - ADDED ENTRY ELEMENTS (KOHA)
Classification part Delta2y7M63:g(Y15) 152Q0
Koha item type Textbook
Source of classification or shelving scheme
Suppress in OPAC No
Holdings
Withdrawn status Lost status Damaged status Not for loan Home library Current library Date acquired Source of acquisition Cost, normal purchase price Total Checkouts Full call number Barcode Date last seen Cost, replacement price Price effective from Koha item type
        Central Library Central Library 2022-10-05 12954, 18/03/2011, Kitab Ghar 150.00   Delta2y7M69:g(Y15) 152Q0 CL1430700 2022-10-05 150.00 2022-10-05 Textual
Copyright @ Delhi University Library System